[Event "Euro Online U2300 Day 1"]
[Site "chess.com INT"]
[Date "2020.05.25"]
[Round "1"]
[White "Goltseva, Ekaterina"]
[Black "Rajkovic, Dusan"]
[Result "0-1"]
[WhiteTitle "FM"]
[BlackTitle "GM"]
[WhiteElo "2306"]
[BlackElo "2267"]
[WhiteFideId "24173770"]
[BlackFideId "900265"]
[EventDate "2020.05.25"]

1. d4 Nf6 2. c4 e6 3. Nc3 Bb4 4. Qc2 c5 5. dxc5 O-O 6. Nf3 Bxc5 7. Bf4 b6 8. e3
Bb7 9. Be2 Nc6 10. a3 Rc8 11. O-O Be7 12. b4 Nh5 13. Bg3 Nxg3 14. hxg3 a5 15. b5
Nb8 16. e4 d6 17. Rfd1 Qc7 18. Rac1 Nd7 19. Nd4 Bg5 20. f4 Bf6 21. Qd2 Nc5 22.
Qc2 Rfd8 23. Kh1 g6 24. Bf3 Nd7 25. Nce2 h5 26. Qd2 Nc5 27. Qe3 Bg7 28. Nb3 Nd7
29. Qd2 Nf6 30. Qe3 Ng4 31. Bxg4 hxg4 32. Nbd4 Qc5 33. Qd3 e5 34. Nb3 Qxa3 35.
Qb1 a4 36. Nd2 Qe3 37. Nc3 Qxg3 38. Nd5 Bxd5 39. cxd5 exf4 40. Nf1 Qh4+ 41. Kg1
f3 42. Rxc8 Rxc8 43. Qa2 Rc1 44. Qd2 Rxd1 45. Qxd1 a3 46. gxf3 a2 0-1

[Event "Euro Online U2300 Day 1"]
[Site "chess.com INT"]
[Date "2020.05.25"]
[Round "1"]
[White "Papakonstantinou, Dimitrios1"]
[Black "Prydun, Andriy"]
[Result "1/2-1/2"]
[BlackTitle "FM"]
[WhiteElo "2250"]
[BlackElo "2254"]
[WhiteFideId "4218655"]
[BlackFideId "14145898"]
[EventDate "2020.05.25"]

1. e4 c6 2. Nc3 d5 3. Nf3 Bg4 4. h3 Bxf3 5. Qxf3 e6 6. g3 Nf6 7. Bg2 Nbd7 8. Qe2
dxe4 9. Nxe4 Nxe4 10. Qxe4 Nf6 11. Qe2 Be7 12. c3 O-O 13. O-O Nd5 14. d4 b5 15.
Bd2 Rb8 16. b3 Bf6 17. Rad1 Qc8 18. Rfe1 Qa6 19. a4 Rfd8 20. Ra1 Qb6 21. axb5
cxb5 22. c4 bxc4 23. bxc4 Ne7 24. Ba5 Qxd4 25. Bxd8 Qxd8 26. Rxa7 Nf5 27. Rd1
Qb6 28. Rad7 h6 29. Qe4 Nxg3 30. Rb7 Nxe4 31. Rxb6 Rxb6 32. Bxe4 Rb8 33. c5 Kf8
34. c6 Rd8 35. Rb1 Ke7 36. Rb7+ Kd6 37. Rxf7 Rc8 38. Bf3 Rc7 39. Rxc7 Kxc7 40.
Kf1 Kd6 41. Ke2 Bd8 42. Be4 Ke5 43. Bg2 Bb6 1/2-1/2

[Event "Euro Online U2300 Day 1"]
[Site "chess.com INT"]
[Date "2020.05.25"]
[Round "1"]
[White "Prinz, Hubert"]
[Black "Hasanagic, Alim"]
[Result "0-1"]
[BlackTitle "CM"]
[WhiteElo "1956"]
[BlackElo "2225"]
[WhiteFideId "1639447"]
[BlackFideId "14605198"]
[EventDate "2020.05.25"]

1. d4 d6 2. Nf3 f5 3. e3 Nf6 4. Bd3 g6 5. O-O Bg7 6. c3 O-O 7. Nbd2 Nc6 8. b4 a6
9. a4 e5 10. dxe5 Nxe5 11. Be2 Nxf3+ 12. Bxf3 d5 13. Bb2 Be6 14. Qc2 Qe7 15. Nb3
Bf7 16. a5 Rfd8 17. Rfe1 c6 18. Rad1 h5 19. Nd4 h4 20. h3 Nd7 21. Nb3 Rac8 22.
Qb1 Kh7 23. Ba1 Ne5 24. Be2 Nc4 25. Nd4 Nd6 26. Bd3 Kg8 27. Be2 Rf8 28. Nb3 Kh7
29. Bd3 Rce8 30. Kf1 Bh6 31. Bb2 Be6 32. Bc1 Bg7 33. Bb2 Kh8 34. Nc5 Bc8 35. Nb3
g5 36. Rc1 g4 37. hxg4 fxg4 38. c4 dxc4 39. Bxg7+ Qxg7 40. Bxc4 g3 41. f3 h3 42.
Nc5 h2 43. Ke2 Nf5 44. Kd2 Rd8+ 45. Kc2 Nh4 46. Re2 Nxf3 47. gxf3 Rxf3 48. Kb3
Re8 49. Rh1 Rexe3+ 50. Rxe3 Rxe3+ 51. Ka4 Qc3 52. Qa1 Qxa1+ 53. Rxa1 g2 54. Rd1
g1=Q 55. Rd8+ Kg7 56. Rg8+ Kf6 57. Rf8+ Ke7 58. Rf7+ Ke8 59. Nb3 h1=Q 60. b5
cxb5+ 61. Bxb5+ axb5+ 62. Kxb5 Rxb3+ 63. Kc4 Qh4+ 0-1

[Event "Euro Online U2300 Day 1"]
[Site "chess.com INT"]
[Date "2020.05.25"]
[Round "1"]
[White "Nemec, Jachym"]
[Black "Sudakova, Irina"]
[Result "0-1"]
[BlackTitle "WGM"]
[WhiteElo "2110"]
[BlackElo "2288"]
[WhiteFideId "23716525"]
[BlackFideId "4129903"]
[EventDate "2020.05.25"]

1. d4 d5 2. Nf3 e6 3. c4 c6 4. Nc3 dxc4 5. a4 Bb4 6. e3 b5 7. axb5 cxb5 8. Bd2
Bxc3 9. Bxc3 a5 10. Ne5 Nf6 11. Qf3 Ra6 12. Be2 O-O 13. O-O Qc7 14. Rfc1 Bb7 15.
Qh3 Nbd7 16. Nxd7 Nxd7 17. Be1 Qb6 18. f3 Nf6 19. Bf2 h6 20. e4 Nd7 21. Qg3 Raa8
22. d5 Qa6 23. Rd1 exd5 24. exd5 Rfd8 25. d6 Nf8 26. Rd2 Ne6 27. Rad1 Bc6 28. f4
b4 29. h4 Be4 30. b3 Rac8 31. bxc4 a4 32. c5 Qc6 33. Bc4 b3 34. Qg4 Nxc5 35. Bd4
g6 36. Re1 Bf5 37. Qg3 Ne4 38. Rxe4 Qxe4 39. Ba6 Rc1+ 40. Kh2 Rxd6 41. Qf2 Rxa6
42. Bb2 Rc8 43. Qc5 Qxf4+ 44. Kg1 Qxd2 45. Qe5 Rc1+ 46. Kh2 Qd6 0-1

[Event "Euro Online U2300 Day 1"]
[Site "chess.com INT"]
[Date "2020.05.25"]
[Round "1"]
[White "Jeran, Bostjan"]
[Black "Berin, Artem"]
[Result "0-1"]
[WhiteTitle "CM"]
[WhiteElo "2205"]
[BlackElo "1881"]
[WhiteFideId "14604612"]
[BlackFideId "14189100"]
[EventDate "2020.05.25"]

1. Nf3 Nf6 2. g3 e6 3. Bg2 d5 4. O-O Be7 5. c4 O-O 6. b3 c6 7. Bb2 Nbd7 8. Qc2
Qc7 9. d3 Re8 10. a3 a5 11. Nc3 Bf8 12. Rac1 Qb8 13. Qb1 Ra6 14. Nd2 b5 15. cxb5
cxb5 16. a4 bxa4 17. bxa4 Bb4 18. Rfd1 Rb6 19. Qa1 Ba6 20. Nf3 Rc8 21. Nd4 e5
22. Nf3 d4 23. Na2 Bd6 24. Rxc8+ Bxc8 25. Bc1 Nc5 26. Nd2 Nxa4 27. h3 Be6 28.
Rf1 Nd5 29. Bxd5 Bxd5 30. e3 dxe3 31. fxe3 Qc8 32. Kh2 Qc2 33. Rf2 Qxa2 34. Qxa2
Bxa2 35. Ne4 Bd5 36. Nxd6 Rxd6 37. Ba3 Rb6 38. e4 Be6 39. g4 h6 40. Rd2 Rb3 41.
Bd6 Rb2 42. Rxb2 Nxb2 43. Bxe5 Nxd3 44. Bc3 a4 45. Kg3 a3 46. Kf3 a2 47. Ke3 Nc1 0-1

[Event "Euro Online U2300 Day 1"]
[Site "chess.com INT"]
[Date "2020.05.25"]
[Round "1"]
[White "Gloser, David"]
[Black "Berzina, Ilze"]
[Result "0-1"]
[BlackTitle "WGM"]
[WhiteElo "2228"]
[BlackElo "2192"]
[WhiteFideId "381420"]
[BlackFideId "11601345"]
[EventDate "2020.05.25"]

1. e4 c6 2. d4 d5 3. e5 c5 4. dxc5 Nc6 5. a3 Nxe5 6. b4 Nf6 7. Bb2 Nc6 8. c4 e6
9. Nf3 Be7 10. Nbd2 O-O 11. Bd3 b6 12. cxb6 axb6 13. O-O Bb7 14. Qc2 h6 15. Rfd1
Rc8 16. Rac1 Bd6 17. Qb3 Bf4 18. Bb1 d4 19. Qd3 e5 20. g3 Bxd2 21. Nxd2 Ne7 22.
Re1 Ng6 23. f3 Qc7 24. Ne4 Nxe4 25. fxe4 f5 26. exf5 Qc6 27. Qe4 Qd7 28. Qg4 d3
29. Rcd1 Qc6 30. Kf2 Rxf5+ 31. Qxf5 Rf8 32. Qxf8+ Nxf8 33. Bxe5 Qf3+ 34. Kg1
Qg2# 0-1

[Event "Euro Online U2300 Day 1"]
[Site "chess.com INT"]
[Date "2020.05.25"]
[Round "1"]
[White "Akhmedov, David"]
[Black "Potapova, Margarita"]
[Result "1/2-1/2"]
[BlackTitle "WIM"]
[WhiteElo "1808"]
[BlackElo "2270"]
[WhiteFideId "34220194"]
[BlackFideId "14126869"]
[EventDate "2020.05.25"]

1. e4 c5 2. Nf3 d6 3. g3 Nc6 4. Bg2 g6 5. O-O Bg7 6. c3 Nf6 7. Re1 O-O 8. d4 e5
9. dxe5 dxe5 10. Qxd8 Rxd8 11. Nbd2 b6 12. Nc4 Ne8 13. Ne3 Nc7 14. Nd5 Ne6 15.
Ng5 Rb8 16. Nxe6 fxe6 17. Ne3 Ba6 18. Bf1 Bxf1 19. Kxf1 b5 20. Ke2 c4 21. Bd2
Na5 22. Rad1 Nb7 23. Ng4 Nc5 24. Bg5 Rd3 25. Rxd3 Nxd3 26. Rb1 Nc5 27. f3 Kf7
28. Be3 Rc8 29. Bxc5 Rxc5 30. Rd1 Rc7 31. Rd8 h5 32. Ne3 Rb7 33. Nc2 g5 34. Nb4
Rc7 35. Na6 Rc6 36. Rd7+ Kg6 37. Rxa7 g4 38. fxg4 hxg4 39. Nb4 Rd6 40. Nc2 Bh6
41. Ne3 Bg5 42. Nxg4 Rd2+ 43. Kf3 Rxb2 44. Nxe5+ Kf6 45. Ng4+ Kg6 46. h4 Bd2 47.
Ne5+ Kf6 48. Ng4+ Kg6 49. Ne5+ Kf6 50. Ng4+ Kg6 1/2-1/2

[Event "Euro Online U2300 Day 1"]
[Site "chess.com INT"]
[Date "2020.05.25"]
[Round "1"]
[White "Van Vliet, Dennis"]
[Black "Korbal, Arkadiusz"]
[Result "1-0"]
[WhiteElo "2072"]
[BlackElo "2113"]
[WhiteFideId "209740"]
[BlackFideId "1133837"]
[EventDate "2020.05.25"]

1. d4 g6 2. c4 Bg7 3. Nc3 d6 4. e4 Nd7 5. Be2 e5 6. d5 Ne7 7. h4 h6 8. h5 g5 9.
Bg4 O-O 10. Nge2 Nb6 11. Bxc8 Qxc8 12. Ng3 f5 13. Qe2 fxe4 14. Ncxe4 Nf5 15.
Nxf5 Qxf5 16. a4 Nd7 17. b4 a5 18. Bd2 axb4 19. Bxb4 b6 20. Rh3 Nc5 21. Bxc5
bxc5 22. Rf3 Qd7 23. Rxf8+ Kxf8 24. a5 Qc8 25. Qf3+ Kg8 26. g4 Qb7 27. Kf1 Qb2
28. Qd1 Qb4 29. Qa4 Qb2 30. a6 Qd4 31. Re1 Qd3+ 32. Kg1 Qf3 33. a7 Qxg4+ 34. Ng3
Qc8 35. Rb1 e4 36. Nxe4 Bd4 37. Ng3 Be5 38. Qc2 Qe8 39. Rb7 Bxg3 40. fxg3 Qe3+
41. Kh2 Qe8 42. Rxc7 Qxh5+ 43. Kg2 1-0

[Event "Euro Online U2300 Day 1"]
[Site "chess.com INT"]
[Date "2020.05.25"]
[Round "1"]
[White "Salimova, Nurgyul"]
[Black "Kharitonov, Sergei"]
[Result "1-0"]
[WhiteTitle "IM"]
[WhiteElo "2372"]
[BlackElo "2127"]
[WhiteFideId "2915138"]
[BlackFideId "4129750"]
[EventDate "2020.05.25"]

1. d4 d5 2. c4 c6 3. Nc3 Nf6 4. Nf3 dxc4 5. e4 b5 6. e5 Nd5 7. a4 e6 8. Be2 Be7
9. O-O Bb7 10. Ne4 h6 11. b3 cxb3 12. axb5 cxb5 13. Bxb5+ Bc6 14. Qxb3 Qb6 15.
Bxc6+ Nxc6 16. Qxb6 Nxb6 17. Ba3 Bxa3 18. Rxa3 Ke7 19. Rc1 Rhc8 20. Nd6 Rc7 21.
Rac3 Kd7 22. Nb5 Rcc8 23. Nd6 Rc7 24. Nxf7 a5 25. Nd6 Nd5 26. Ra3 a4 27. Ne4 Ra5
28. Nc5+ Ke7 29. Rxa4 Rxa4 30. Nxa4 Ra7 31. Rxc6 Rxa4 32. h4 Nf4 33. Rc7+ Kf8
34. Rc2 Ra1+ 35. Kh2 Rd1 36. g3 Nd5 37. h5 Rd3 38. Kg2 Rd1 39. Rd2 Ra1 40. Rb2 1-0

[Event "Euro Online U2300 Day 1"]
[Site "chess.com INT"]
[Date "2020.05.25"]
[Round "1"]
[White "Budakova, Taulant"]
[Black "Navumenka, Mikhei"]
[Result "0-1"]
[BlackTitle "CM"]
[WhiteElo "2060"]
[BlackElo "2105"]
[WhiteFideId "4702204"]
[BlackFideId "13514075"]
[EventDate "2020.05.25"]

1. d4 Nf6 2. c4 e6 3. Nf3 b6 4. e3 Bb7 5. Bd3 Be7 6. O-O O-O 7. Nc3 d5 8. cxd5
exd5 9. b3 Nbd7 10. Bb2 c5 11. dxc5 Nxc5 12. Bc2 Nfe4 13. Ne2 Ba6 14. Re1 Bh4
15. Ng3 Bf6 16. Bxf6 Nxf6 17. b4 Nce4 18. Nxe4 dxe4 19. Nd4 Qd5 20. Bb3 Qg5 21.
Rc1 Rad8 22. Rc7 Bc8 23. Qe2 Bg4 24. Qf1 h5 25. Rxa7 h4 26. Rb7 h3 27. g3 Rd6
28. Rc1 Nd7 29. Rc6 Rf6 30. Qc1 Ne5 31. Rcxb6 Rxf2 32. Rb8 Rg2+ 33. Kh1 Rxb8 34.
Rxb8+ Kh7 35. Qc5 Qxe3 36. Ne2 Qxe2 0-1

[Event "Euro Online U2300 Day 1"]
[Site "chess.com INT"]
[Date "2020.05.25"]
[Round "1"]
[White "Sherman, Reem"]
[Black "Afanasiev, Dmitry2"]
[Result "1-0"]
[WhiteElo "2146"]
[BlackElo "2175"]
[WhiteFideId "2822288"]
[BlackFideId "4131347"]
[EventDate "2020.05.25"]

1. e4 e6 2. d4 d5 3. Bd3 dxe4 4. Bxe4 Nf6 5. Bf3 c5 6. Ne2 Nc6 7. Be3 cxd4 8.
Nxd4 Ne5 9. O-O Nxf3+ 10. Qxf3 Be7 11. Nc3 O-O 12. Rad1 Qa5 13. Nb3 Qf5 14. Qe2
e5 15. f3 Be6 16. Qf2 a5 17. Nc5 Bxc5 18. Bxc5 Rfc8 19. Nb5 Ne8 20. Nd6 Nxd6 21.
Rxd6 Bxa2 22. b3 a4 23. bxa4 Rxa4 24. Rfd1 h5 25. h3 Rc4 26. g4 Qxc2 27. R6d2
Qg6 28. Rd6 Rc2 29. Qg3 Qg5 30. Bf2 Be6 31. R1d3 Rc1+ 32. Kg2 R8c2 33. Rd8+ Kh7
34. gxh5 Qxh5 35. f4 Bxh3+ 36. Qxh3 Qxh3+ 37. Rxh3+ Kg6 38. fxe5 Kf5 39. Rf3+
Kxe5 40. Rxf7 Rb1 41. Rxg7 Rbb2 42. Rf7 b5 43. Rd1 Rd2 44. Re1+ Kd6 45. Rf6+ Kd7
46. Rh1 Re2 47. Rh7+ Re7 48. Rh4 Re6 49. Rd4+ Ke7 50. Rf5 Rg6+ 51. Kf3 Rf6 52.
Re4+ Kf7 53. Rxf6+ Kxf6 54. Bd4+ 1-0

[Event "Euro Online U2300 Day 1"]
[Site "chess.com INT"]
[Date "2020.05.25"]
[Round "1"]
[White "Dalkowski, Rafal"]
[Black "Horak, Jiri1"]
[Result "1-0"]
[WhiteElo "1877"]
[BlackElo "2176"]
[WhiteFideId "21862460"]
[BlackFideId "303330"]
[EventDate "2020.05.25"]

1. d4 d5 2. c4 e6 3. Nc3 Nf6 4. Nf3 Nbd7 5. Bg5 c6 6. e3 Qa5 7. Nd2 dxc4 8. Bxf6
Nxf6 9. Nxc4 Qd8 10. Bd3 Be7 11. O-O O-O 12. Qf3 Nd5 13. Rad1 Nxc3 14. bxc3 Bd7
15. e4 b5 16. Ne3 a6 17. e5 f5 18. exf6 Bxf6 19. Ng4 Qe8 20. Rfe1 Qf7 21. Qe4
Qh5 22. Qf3 Kh8 23. Qe4 Rad8 24. Re3 g6 25. Rh3 Qf5 26. Qe2 Qg5 27. f4 Qxf4 28.
Bxg6 Kg7 29. Rf1 Bxd4+ 30. cxd4 Qxd4+ 31. Kh1 hxg6 32. Nf2 Rf5 33. Rd3 Qf6 34.
Qd2 Qf7 35. Qb2+ e5 36. Rd2 Rh8 37. Rfd1 Be6 38. Nh3 Rf1+ 39. Ng1 Qe7 40. Rxf1
Bd5 41. Re2 Rxh2+ 42. Kxh2 Qh4+ 43. Nh3 1-0

[Event "Euro Online U2300 Day 1"]
[Site "chess.com INT"]
[Date "2020.05.25"]
[Round "1"]
[White "Hansch, Torsten"]
[Black "Abozenko, Georg"]
[Result "1/2-1/2"]
[WhiteTitle "CM"]
[WhiteElo "2075"]
[BlackElo "2058"]
[WhiteFideId "4622600"]
[BlackFideId "4500210"]
[EventDate "2020.05.25"]

1. d4 Nf6 2. c4 c5 3. d5 e6 4. Nc3 exd5 5. cxd5 g6 6. e4 d6 7. Nf3 Bg7 8. h3 O-O
9. Bd3 a6 10. a4 Nbd7 11. O-O Qc7 12. Be3 Rb8 13. a5 c4 14. Bc2 Re8 15. Nd4 Nc5
16. f3 b5 17. axb6 Rxb6 18. Na4 Nxd5 19. Bf2 Nf4 20. Nxb6 Qxb6 21. Rb1 Ncd3 22.
Ne2 Nxf2 23. Rxf2 Nxe2+ 24. Qxe2 Bd4 25. Kf1 Be6 26. f4 Bxf2 27. Qxf2 Qxf2+ 28.
Kxf2 Rb8 29. Ke3 f5 30. exf5 Bxf5 31. Bxf5 gxf5 32. Kd4 d5 33. Kxd5 c3 34. b4 a5
35. b5 c2 36. Rc1 Rxb5+ 37. Kd4 Rb4+ 38. Kd3 Rxf4 39. Rxc2 Ra4 40. Rc5 f4 41.
Rc7 Ra2 42. Ke4 Rxg2 43. Kxf4 a4 44. Ra7 Ra2 45. Kf5 a3 46. Kf6 Rf2+ 47. Kg5 a2
48. h4 Rb2 49. h5 Rb5+ 50. Kh6 Rb6+ 51. Kg5 Rb5+ 52. Kg4 Rb2 53. h6 Rb4+ 54. Kf5
Rb5+ 55. Ke4 Rb6 56. Rxa2 Rxh6 57. Kf5 Rb6 58. Ra7 Kf8 59. Rxh7 Kg8 60. Ra7 Kf8
61. Ra5 Ke7 62. Ra7+ Kd6 63. Rh7 Kc6 64. Rh6+ Kc7 65. Rxb6 Kxb6 1/2-1/2

[Event "Euro Online U2300 Day 1"]
[Site "chess.com INT"]
[Date "2020.05.25"]
[Round "1"]
[White "Adrian, Claude"]
[Black "Hristodoulou, Panagiotis"]
[Result "1/2-1/2"]
[WhiteTitle "IM"]
[BlackTitle "FM"]
[WhiteElo "2250"]
[BlackElo "2302"]
[WhiteFideId "601071"]
[BlackFideId "4214340"]
[EventDate "2020.05.25"]

1. c4 e6 2. g3 d5 3. Bg2 Nf6 4. d4 dxc4 5. Nf3 Bd7 6. Ne5 Bc6 7. Nxc6 Nxc6 8. e3
Qd7 9. O-O Rd8 10. Qa4 Nb4 11. Qxd7+ Rxd7 12. Na3 c5 13. dxc5 Bxc5 14. Nxc4 Ke7
15. a3 Nd3 16. b4 Bd6 17. Nxd6 Kxd6 18. Rd1 Kc7 19. e4 Rhd8 20. Bg5 h6 21. Bxf6
gxf6 22. Bf1 Kb6 23. Be2 Rd4 24. f3 e5 25. Rab1 Kb5 26. Kf1 Ka4 27. Rd2 Kxa3 28.
Ra1+ Kxb4 29. Rxa7 Nc5 30. Rb2+ Kc3 31. Rb5 Rc8 32. Ra3+ Kc2 33. Ra2+ Kc3 34.
Ra3+ Kc2 35. Ra2+ Kc1 36. Ra1+ Kc2 37. Ra2+ 1/2-1/2

[Event "Euro Online U2300 Day 1"]
[Site "chess.com INT"]
[Date "2020.05.25"]
[Round "1"]
[White "Abdrlauf, Elham"]
[Black "Adamczewski, Maciej"]
[Result "1-0"]
[WhiteTitle "FM"]
[WhiteElo "2362"]
[BlackElo "2045"]
[WhiteFideId "1533533"]
[BlackFideId "1148702"]
[EventDate "2020.05.25"]

1. e4 e6 2. d4 d5 3. Nd2 c5 4. exd5 exd5 5. Ngf3 Nf6 6. c3 Be7 7. dxc5 Bxc5 8.
Be2 O-O 9. O-O Nc6 10. Nb3 Bb6 11. Nbd4 Ne4 12. Bf4 Re8 13. Bb5 Qf6 14. Be3 Bg4
15. Be2 Bxf3 16. Bxf3 Ne5 17. Be2 Nc4 18. Bxc4 dxc4 19. Qc2 h6 20. Rad1 a6 21.
Rfe1 Bc7 22. Qe2 b5 23. Qf3 Qg6 24. g3 Rad8 25. Re2 Nc5 26. Red2 Nd3 27. Qf5
Qxf5 28. Nxf5 Nxb2 29. Rxd8 Rxd8 30. Rxd8+ Bxd8 31. Bd4 Bf6 32. Nxh6+ Kh7 33.
Bxf6 gxf6 34. Ng4 Kg6 35. Ne3 a5 36. Kf1 Na4 37. Nd5 Kf5 38. h4 Nc5 39. Ke2 Ke5
40. h5 Ne4 41. h6 Kxd5 42. h7 Nxc3+ 43. Ke1 Nxa2 44. h8=Q c3 45. Qxf6 Kc4 46.
Qxf7+ Kb4 47. Qxa2 a4 48. Kd1 Ka5 49. Kc2 b4 50. Qd5+ Kb6 51. g4 1-0

[Event "Euro Online U2300 Day 1"]
[Site "chess.com INT"]
[Date "2020.05.25"]
[Round "1"]
[White "Memeti, Kastriot"]
[Black "Ivchenko, Alexander"]
[Result "0-1"]
[WhiteElo "2129"]
[BlackElo "1891"]
[WhiteFideId "204390"]
[BlackFideId "24213268"]
[EventDate "2020.05.25"]

1. d4 d5 2. Bf4 Nf6 3. e3 e6 4. Nd2 Bd6 5. Bg3 O-O 6. Bd3 b6 7. e4 dxe4 8. Nxe4
Bb7 9. Qe2 Nxe4 10. Bxe4 Bxe4 11. Qxe4 Nd7 12. Nf3 Nf6 13. Qe2 Bxg3 14. hxg3 Qd5
15. c3 Rad8 16. O-O c5 17. Rfd1 cxd4 18. Rxd4 Qb7 19. Rad1 Rd5 20. c4 Rxd4 21.
Rxd4 Qc7 22. Qe5 Qc6 23. b3 h6 24. g4 Rc8 25. g5 hxg5 26. Nxg5 Kf8 27. f3 Qc5
28. Qd6+ Qxd6 29. Rxd6 Ke7 30. Rd2 Rc5 31. Nh3 a5 32. Nf2 Rc7 33. Nd1 a4 34. Nc3
axb3 35. axb3 Nd7 36. Nb5 Rc6 37. Kf2 Nc5 38. Rb2 Nd3+ 0-1

[Event "Euro Online U2300 Day 1"]
[Site "chess.com INT"]
[Date "2020.05.25"]
[Round "1"]
[White "Bogumil, Tatiana"]
[Black "Acikel, Mert"]
[Result "0-1"]
[WhiteTitle "WGM"]
[WhiteElo "2182"]
[BlackElo "2149"]
[WhiteFideId "4110579"]
[BlackFideId "12956465"]
[EventDate "2020.05.25"]

1. Nf3 d5 2. c4 e6 3. b3 Nf6 4. Bb2 Be7 5. g3 O-O 6. Bg2 b6 7. O-O Bb7 8. d4
Nbd7 9. Nc3 Rc8 10. Rc1 c5 11. cxd5 Nxd5 12. e3 cxd4 13. exd4 N7f6 14. Qe2 Nxc3
15. Rxc3 Rxc3 16. Bxc3 Nd5 17. Bb2 Qd6 18. Ne5 Rc8 19. h4 Rc7 20. Kh2 Nc3 21.
Qd3 Bxg2 22. Kxg2 Qd5+ 23. f3 Nb5 24. Rf2 Bf6 25. Qe4 Qxe4 26. fxe4 Bxe5 27.
dxe5 Rd7 28. Rc2 h6 29. a4 Nc7 30. Ba3 Na6 31. Bd6 Kh7 32. b4 Kg6 33. Kf3 h5 0-1

[Event "Euro Online U2300 Day 1"]
[Site "chess.com INT"]
[Date "2020.05.25"]
[Round "1"]
[White "Prigodin, Ruslan"]
[Black "Lebedev, Mikhail S."]
[Result "1/2-1/2"]
[WhiteElo "2036"]
[BlackElo "2131"]
[WhiteFideId "12801550"]
[BlackFideId "24130303"]
[EventDate "2020.05.25"]

1. d4 Nf6 2. Nf3 g6 3. Bf4 Bg7 4. e3 c5 5. c3 b6 6. Be2 Bb7 7. h3 O-O 8. O-O d5
9. Nbd2 Nc6 10. Ne5 Nd7 11. Nxd7 Qxd7 12. Nf3 Rfe8 13. Bb5 f6 14. c4 a6 15. Ba4
e6 16. cxd5 exd5 17. dxc5 bxc5 18. Rc1 Bf8 19. Qd2 Rad8 20. Rfd1 Qf5 21. Nd4
Nxd4 22. exd4 Re4 23. Be3 cxd4 24. Bxd4 Qe6 25. Re1 Rc8 26. Rxe4 Rxc1+ 27. Qxc1
Qxe4 28. Qe3 Qxe3 29. fxe3 Kf7 30. Kf2 Ke6 31. a3 Bd6 32. b4 f5 33. g4 f4 34.
Bc2 fxe3+ 35. Kxe3 Bc6 36. h4 Be8 37. h5 gxh5 38. gxh5 Bxh5 39. Bxh7 Be8 40. Bd3
a5 41. bxa5 Bxa3 42. a6 Bc6 43. Bb5 Ba8 44. a7 Kd6 45. Bd3 Bc5 46. Bxc5+ Kxc5
47. Bf5 Kb6 48. Kd4 Kxa7 49. Be6 Kb6 50. Bxd5 1/2-1/2

[Event "Euro Online U2300 Day 1"]
[Site "chess.com INT"]
[Date "2020.05.25"]
[Round "1"]
[White "Miletic, Vuk"]
[Black "Osipov, Aleksandr"]
[Result "1-0"]
[WhiteElo "2159"]
[BlackElo "2030"]
[WhiteFideId "16503406"]
[BlackFideId "44154364"]
[EventDate "2020.05.25"]

1. d4 Nf6 2. c4 e6 3. Nf3 b6 4. g3 Bb7 5. Bg2 c5 6. O-O cxd4 7. Nxd4 Bxg2 8.
Kxg2 Qc7 9. b3 a6 10. Qd3 Qb7+ 11. f3 d6 12. e4 Nbd7 13. Nc3 Be7 14. Be3 O-O 15.
Rfd1 Rfd8 16. Rac1 Rac8 17. Rc2 Ne5 18. Qe2 d5 19. exd5 exd5 20. cxd5 Nxd5 21.
Nxd5 Qxd5 22. Rxc8 Rxc8 23. Nf5 Qe6 24. Nxe7+ Qxe7 25. Bxb6 Qb7 26. Rd8+ Rxd8
27. Bxd8 f6 28. Ba5 h5 29. Bc3 Ng6 30. Qc4+ Kh7 31. Qc5 Ne7 32. Qxh5+ Kg8 33.
Qc5 Qd7 34. Qc4+ Kh7 35. Qxa6 Qd1 36. Qc4 Qc2+ 37. Kh3 Qxa2 38. Qe4+ Ng6 39. b4
Qa6 40. Kg2 Qa2+ 41. Kg1 Qa7+ 42. Bd4 Qa4 43. Bf2 Qb5 44. g4 Qb8 45. h4 f5 46.
Qxf5 Qxb4 47. Qh5+ Kg8 48. Qxg6 Qb1+ 49. Qxb1 1-0

[Event "Euro Online U2300 Day 1"]
[Site "chess.com INT"]
[Date "2020.05.25"]
[Round "1"]
[White "Abdullayev, Azer"]
[Black "Martian, Dragos-Daniel"]
[Result "0-1"]
[WhiteElo "2039"]
[BlackElo "2241"]
[WhiteFideId "13403400"]
[BlackFideId "1203606"]
[EventDate "2020.05.25"]

1. d4 Nf6 2. c4 e6 3. Nf3 Bb4+ 4. Nbd2 O-O 5. g3 d6 6. Bg2 Qe7 7. O-O Bxd2 8.
Bxd2 e5 9. dxe5 dxe5 10. Bc3 Rd8 11. Qc2 Nc6 12. Rfd1 Bg4 13. h3 Bh5 14. Nh4 Nd4
15. Bxd4 exd4 16. g4 Bg6 17. Nxg6 hxg6 18. Bxb7 Rab8 19. Bf3 c5 20. Rd2 Nd7 21.
Rad1 Ne5 22. Bd5 Rb6 23. Qe4 Qf6 24. f4 Nd7 25. b3 Qh4 26. Kg2 Nf6 27. Qf3 Re8
28. Rd3 Ra6 29. a4 g5 30. f5 Nd7 31. Qf2 Qh6 32. e3 Ne5 33. R3d2 d3 34. Be4 Nxg4
35. hxg4 Rxe4 36. Qg3 Qc6 37. Kf2 g6 38. Qf3 Qe8 39. Rxd3 Kg7 40. Rd6 Rb6 41.
Rxb6 axb6 42. f6+ Kg8 43. Qh3 Re6 44. Ke2 Rxf6 45. Rh1 Kf8 46. Rd1 Kg7 47. Rh1
Re6 48. Qh7+ Kf6 49. Qh6 Rxe3+ 50. Kf2 Qe4 51. Qh8+ Ke7 52. Rh3 Re2+ 53. Kf1
Qg2# 0-1

[Event "Euro Online U2300 Day 1"]
[Site "chess.com INT"]
[Date "2020.05.25"]
[Round "1"]
[White "Gabriel, Robert"]
[Black "Musyuk, Lior"]
[Result "1/2-1/2"]
[WhiteTitle "FM"]
[BlackTitle "FM"]
[WhiteElo "2236"]
[BlackElo "2343"]
[WhiteFideId "4606477"]
[BlackFideId "2816784"]
[EventDate "2020.05.25"]

1. d4 Nf6 2. Nf3 e6 3. c4 b6 4. g3 Bb7 5. Bg2 Bb4+ 6. Bd2 Bxd2+ 7. Qxd2 O-O 8.
Nc3 d5 9. Ne5 Nbd7 10. Nxd7 Qxd7 11. O-O Rfe8 12. e3 a5 13. cxd5 exd5 14. Rac1
a4 15. a3 Ba6 16. Rfd1 Bc4 17. h4 h6 18. Ne2 g5 19. hxg5 hxg5 20. Rxc4 dxc4 21.
Bxa8 Rxa8 22. Kg2 Qd5+ 23. Kg1 Ne4 24. Qe1 g4 25. Nc3 Nxc3 26. bxc3 Qf3 27. Rb1
Ra5 28. Qf1 Qe4 29. Rc1 Rh5 30. Qg2 Qd3 31. e4 Qd2 32. Rf1 Qxc3 33. e5 Qxd4 34.
Qa8+ Kg7 35. Re1 c3 36. e6 fxe6 37. Qe8 Re5 38. Qe7+ Kg6 39. Qe8+ Kg7 40. Qe7+
Kg6 41. Qe8+ Kg7 1/2-1/2